000 01285cam a2200349 a 4500
999 _c8360
_d8360
001 8360
003 BD-JhCC
005 20180325193517.0
008 940817s1995 nyua bf 001 0 eng
020 _a9780756656416
035 _a(BD-JhCC)8360
040 _aDLC
_cDLC
_dDLC
_dBD-JhCC
041 _aeng
050 0 0 _aTL795
_b.N43 1995
082 0 0 _a629.4/09
_220
_bNEA 1995
100 1 _aSparrow, Giles
245 1 0 _aSpaceflight :
_bthe complete story from Sputnik to Apollo-and beyond /
_cGiles Sparrow
260 _aNew York :
_bMacmillan USA,
_cc1995.
300 _a256 p. :
_bill. (some col.) ;
_c23 cm.
500 _a"A Ligature book"--T.p. verso.
504 _aIncludes bibliographical references (p. 256) and index.
650 0 _aSpace vehicles
_xHistory.
650 0 _aSpace flight
_xHistory.
651 0 _aOuter space
_xExploration
_xHistory.
700 1 _aLewis, Cathleen S.,
_d1958-
700 1 _aWinter, Frank H.,
_d1942-
856 4 1 _3Table of contents
_uhttp://www.loc.gov/catdir/toc/wiley031/94023448.html
856 4 2 _3Contributor biographical information
_uhttp://www.loc.gov/catdir/enhancements/fy0706/94023448-b.html
856 4 2 _3Publisher description
_uhttp://www.loc.gov/catdir/enhancements/fy0706/94023448-d.html
942 _2ddc
_cREF